[Event "4th IECC"]
[Site "Istanbul TUR"]
[Date "2003.06.06"]
[Round "7"]
[White "Mamedyarov,S"]
[Black "Jenni,F"]
[Result "1-0"]
[WhiteElo "2607"]
[BlackElo "2516"]

1.e4 e5 2.Nf3 Nc6 3.Nc3 Nf6 4.g3 d5 5.exd5 Nxd5 6.Bg2 Nxc3 7.bxc3 Be7 8.O-O O-O
9.d3 f5 10.Rb1 Rb8 11.Re1 Bf6 12.Nd2 Be6 13.Ba3 Re8 14.Rxb7 Rxb7 15.Bxc6 Rb8
16.Bxe8 Qxe8 17.c4 Qa4 18.Qc1 e4 19.Nb3 Bf7 20.Bb2 Bxb2 21.Qxb2 Qb4 22.Re3 Qd2
23.Qb1 Qc3 24.Qd1 Rd8 25.Qe2 Qb2 26.dxe4 fxe4 27.Rxe4 Bg6 28.Re7 Rf8 29.Nc5 Bxc2
30.Nd7 Qb1+ 31.Kg2 Bd3 32.Re8 h6 33.Rxf8+ Kh7 34.Nf6+ gxf6 35.Qe7+ Kg6 36.Rxf6+  1-0

[Event "4th IECC"]
[Site "Istanbul TUR"]
[Date "2003.06.07"]
[Round "8"]
[White "Iljushin,A"]
[Black "Mamedyarov,S"]
[Result "1-0"]
[WhiteElo "2556"]
[BlackElo "2607"]

1.d4 e6 2.c4 b6 3.Nf3 Bb7 4.g3 Bb4+ 5.Bd2 Bxf3 6.exf3 Bxd2+ 7.Qxd2 Nf6 8.Bg2 d5
9.f4 c6 10.b3 O-O 11.O-O Qd6 12.Nc3 Nbd7 13.Rfd1 Rac8 14.Rac1 Rfd8 15.Qd3 dxc4
16.bxc4 a6 17.a4 c5 18.f5 Re8 19.Be4 g6 20.Re1 Re7 21.Re2 Kg7 22.Qf3 Rh8
23.h4 h5 24.Rce1 Rhe8 25.fxg6 fxg6  1-0

[Event "4th IECC"]
[Site "Istanbul TUR"]
[Date "2003.06.10"]
[Round "10"]
[White "Sturua,Z"]
[Black "Mamedyarov,S"]
[Result "1/2-1/2"]
[WhiteElo "2545"]
[BlackElo "2607"]

1.Nf3 Nf6 2.g3 g6 3.Bg2 Bg7 4.O-O O-O 5.d4 d6 6.a4 c5 7.dxc5 dxc5 8.a5 Bf5
9.Qxd8 Rxd8 10.Nfd2 Nc6 11.a6 Nd4 12.axb7 Nxe2+ 13.Kh1 Rab8 14.Rxa7 Bxc2
15.h3 Bh6 16.Na3 Bd3 17.Nb3 Nxc1 18.Rxc1 Bxc1 19.Nxc1 Be4 20.Nb3 Bxg2+ 21.Kxg2 Ne4
22.Nc4 Rd7 23.Nba5 Nd6 24.Nb6 Rdxb7 25.Nxb7 Rxb7 26.Rxb7 Nxb7 27.Kf3 f5 28.Kf4 Kf7
29.Ke5 e6 30.Na4 Ke7 31.h4 h6 32.f3 g5 33.hxg5 hxg5 34.g4 fxg4 35.fxg4 Kf7
36.Nc3 Ke7 37.Ne4  1/2-1/2

[Event "4th IECC"]
[Site "Istanbul TUR"]
[Date "2003.06.11"]
[Round "11"]
[White "Mamedyarov,S"]
[Black "Belov,Vl"]
[Result "1-0"]
[WhiteElo "2607"]
[BlackElo "2549"]

1.d4 Nf6 2.c4 g6 3.Nc3 d5 4.Nf3 Bg7 5.Bg5 Ne4 6.cxd5 Nxg5 7.Nxg5 c6 8.dxc6 Qxd4
9.Qb3 O-O 10.cxb7 Bxb7 11.Qxb7 Rd8 12.Nge4  1-0

[Event "ADCF Masters"]
[Site "Abu Dhabi UAE"]
[Date "2003.08.16"]
[Round "1"]
[White "Ahmed,Es"]
[Black "Mamedyarov,S"]
[Result "0-1"]
[WhiteElo "2403"]
[BlackElo "2585"]

1.e4 e5 2.Nf3 Nc6 3.Bb5 a6 4.Ba4 b5 5.Bb3 Nf6 6.d4 Nxe4 7.Nxe5 Nxe5 8.dxe5 Bb7
9.Qf3 Qe7 10.O-O O-O-O 11.Qf4 g5 12.Qf5 Bg7 13.Nd2 Nxd2 14.Bxd2 Qxe5 15.Qxe5 Bxe5
16.c3 f6 17.a4 d5 18.axb5 axb5 19.Rfe1 h6 20.Be3 Rhe8 21.Bc2 d4 22.cxd4 Bxd4
23.Bg6 Re5 24.Bxd4 Rxd4 25.b3 Bd5 26.Be8 Rxe1+ 27.Rxe1 c6 28.f3 Kc7 29.Re7+ Kd6
30.Rh7 Bxb3 31.Rxh6 b4 32.Kf2 c5 33.Bb5 Be6 34.h4 b3  0-1

[Event "ADCF Masters"]
[Site "Abu Dhabi UAE"]
[Date "2003.08.18"]
[Round "3"]
[White "Bagirov,R"]
[Black "Mamedyarov,S"]
[Result "1/2-1/2"]
[WhiteElo "2507"]
[BlackElo "2585"]

1.d4 e6 2.c4 b6 3.a3 Bb7 4.Nc3 f5 5.d5 Nf6 6.g3 Na6 7.Bg2 Nc5 8.Nh3 Bd6 9.O-O O-O
10.Qc2 Be5 11.Rd1 Qe7 12.Bd2 c6 13.dxe6 dxe6 14.Rab1 Rad8 15.b4 Bxc3 16.Bxc3 Nce4
17.Bxf6 Nxf6 18.Qa4 Ra8 19.Bxc6 Bxc6 20.Qxc6 Rac8 21.Qb5 Ne4 22.Rd7 Qf6 23.Qa6 f4
24.Nxf4 g5 25.Qb7 Nc3 26.Nxe6 Nxb1 27.Nxf8 Rxf8 28.Qd5+ Kh8 29.f3 g4 30.f4 Re8
31.Qd3 Qg6 32.f5 Qh6 33.Qd4+ Kg8 34.Qxg4+ Kf8 35.Qd4 Qe3+ 36.Qxe3 Rxe3 37.c5 bxc5
38.bxc5 Rc3 39.Rxa7 Rxa3 40.Rb7  1/2-1/2

[Event "ADCF Masters"]
[Site "Abu Dhabi UAE"]
[Date "2003.08.20"]
[Round "5"]
[White "Kasparov,S"]
[Black "Mamedyarov,S"]
[Result "1/2-1/2"]
[WhiteElo "2482"]
[BlackElo "2585"]

1.e4 c5 2.Nf3 e6 3.d4 cxd4 4.Nxd4 Nf6 5.Bd3 Nc6 6.Nxc6 bxc6 7.O-O d5 8.Nd2 Be7
9.b3 O-O 10.Bb2 a5 11.Qe2 a4 12.Rab1 Nd7 13.b4 a3 14.Ba1 Rb8 15.b5 cxb5 16.exd5 exd5
17.Bxb5 Nf6 18.Bd3 Bd6 19.h3 Be6 20.Qf3 Nd7 21.Nb3 Qg5 22.Rfe1 Ne5 23.Bxe5 Bxe5
24.h4 Qf4 25.Bxh7+ Kxh7 26.Qh5+ Kg8 27.Qxe5 Qxe5 28.Rxe5 Rfc8 29.Rc1 Rb4
30.g3 d4 31.Ra5 d3 32.Rxa3 Rxc2 33.Rd1 Bd5 34.f3 Bc4 35.Nd2 Rbb2 36.Nxc4 Rxc4
37.Raxd3 Rcc2 38.a4 Rg2+ 39.Kf1 Rh2 40.Kg1 Rbg2+ 41.Kf1 Ra2 42.Kg1 Rhg2+
43.Kf1 Rxg3 44.R1d2 Rxa4 45.Kf2 Rh3 46.Rd4 Ra3 47.R4d3 Rxd3 48.Rxd3 Rxh4  1/2-1/2

[Event "ADCF Masters"]
[Site "Abu Dhabi UAE"]
[Date "2003.08.24"]
[Round "8"]
[White "Mamedyarov,S"]
[Black "Rahman,Zia"]
[Result "1-0"]
[WhiteElo "2585"]
[BlackElo "2521"]

1.d4 d6 2.Nf3 g6 3.g3 Bg7 4.Bg2 Nd7 5.c4 Ngf6 6.O-O O-O 7.Nc3 e5 8.Qc2 Re8
9.Rd1 exd4 10.Nxd4 a6 11.b3 Rb8 12.h3 Ne5 13.Bg5 h6 14.Be3 Bd7 15.Qd2 Kh7
16.Rac1 Qc8 17.f4 Nc6 18.Kh2 h5 19.Nf3 Kg8 20.Bf2 b5 21.cxb5 axb5 22.Ng5 Bh6
23.Nge4 Nxe4 24.Nxe4 Re6 25.Nc3 Qe8 26.Nd5 Rc8 27.e4 Qd8 28.Qd3 Ne7 29.f5 Re5
30.Nf6+ Kg7 31.Bd4 Bxc1 32.Nxd7 Qxd7 33.Bxe5+ f6 34.Bxf6+ Kxf6 35.e5+ Kg5
36.e6 Qe8 37.Rxc1 Nxf5 38.Bb7 Rb8 39.h4+ Kf6 40.Qc3+ Ke7 41.Qxc7+ Kf6 42.Qc3+ Ke7
43.Be4 b4 44.Qc7+ Kf6 45.Bc6 Qf8 46.Re1 Rc8 47.e7 Nxe7 48.Qxd6+ Kf7 49.Bd5+  1-0

[Event "ADCF Masters"]
[Site "Abu Dhabi UAE"]
[Date "2003.08.25"]
[Round "9"]
[White "Harikrishna,P"]
[Black "Mamedyarov,S"]
[Result "1-0"]
[WhiteElo "2558"]
[BlackElo "2585"]

1.Nf3 d5 2.d4 c5 3.c4 dxc4 4.e3 cxd4 5.exd4 Be6 6.Nc3 Nf6 7.Ne5 Nc6 8.Nxc6 bxc6
9.Qa4 Rc8 10.Bxc4 Bxc4 11.Qxc4 e6 12.O-O Bd6 13.h3 Nd5 14.Nxd5 cxd5 15.Qa6 O-O
16.Qxa7 f5 17.Bd2 f4 18.Qa6 Rc4 19.Rfe1 Qd7 20.b3 Rcc8 21.Qe2 Rf6 22.Qf3 g5
23.a4 Qf7 24.Rac1 Rd8 25.Rc6 h5 26.Ba5 Rd7 27.Rc8+ Kg7 28.Rd8 Rxd8 29.Bxd8 Rf5
30.a5 Qe8 31.Bb6 Qg6 32.Qe2 g4 33.Qxe6 Rf6 34.Qd7+ Rf7 35.Qe6 Rf6 36.Qxd5 f3
37.Bd8 Rf8 38.Qg5 Bb4 39.Re6 Qxg5 40.Bxg5 Rf5 41.Re5 Rxe5 42.dxe5 Bxa5 43.e6 Kg6
44.e7 Kf7 45.hxg4 hxg4 46.gxf3 gxf3  1-0

[Event "4th YM"]
[Site "Lausanne SUI"]
[Date "2003.09.17"]
[Round "1.1"]
[White "Mamedyarov,S"]
[Black "Kosteniuk,A"]
[Result "1-0"]
[WhiteElo "2585"]
[BlackElo "2457"]

1.d4 d5 2.c4 c6 3.Nc3 Nf6 4.Nf3 e6 5.Bg5 h6 6.Bh4 dxc4 7.e4 g5 8.Bg3 b5 9.Be2 Bb7
10.h4 g4 11.Ne5 Rg8 12.O-O Nbd7 13.Nxg4 Nxg4 14.Bxg4 Qb6 15.a4 a5 16.d5 cxd5
17.Nxb5 Rc8 18.exd5 Nf6 19.d6 Bc6 20.Bf3 Rxg3 21.Qd4 Qxd4 22.Bxc6+ Kd8 23.Nxd4 Rd3
24.Rad1 e5 25.d7 Rc7 26.Nf3 Bd6 27.Bb5 Nxd7 28.Bxc4 Rxd1 29.Rxd1 Rxc4 30.Rxd6 f6
31.b3 Rc3 32.Nd2 Ke7 33.Ra6 Nc5 34.Rxa5 Nxb3 35.Ra7+ Ke6 36.Ne4 Rc1+ 37.Kh2 f5
38.Ra6+ Kd5 39.Nf6+ Kd4 40.Rd6+ Kc4 41.Nd7 Re1 42.h5 Nd4 43.a5 e4 44.Nb6+ Kd3
45.Nd5 Nb5 46.Nf4+ Kc4 47.Rxh6 Ra1 48.Rc6+ Kd4 49.h6  1-0

[Event "4th YM"]
[Site "Lausanne SUI"]
[Date "2003.09.18"]
[Round "1.2"]
[White "Kosteniuk,A"]
[Black "Mamedyarov,S"]
[Result "0-1"]
[WhiteElo "2457"]
[BlackElo "2585"]

1.e4 e5 2.Bc4 Nf6 3.d3 Nc6 4.Nf3 Bc5 5.c3 a6 6.O-O d6 7.Bb3 O-O 8.Re1 Ba7
9.Nbd2 Ng4 10.Re2 Kh8 11.h3 Nh6 12.Nf1 f5 13.d4 Qf6 14.Bg5 Qg6 15.exf5 Bxf5
16.Qd2 Nf7 17.Ng3 exd4 18.Bf4 d3 19.Ree1 Bd7 20.Bd5 Nfe5 21.Be3 Nxf3+ 22.Bxf3 Rxf3
23.gxf3 Ne5 24.Qd1 d2 25.Re2 Nxf3+ 26.Kg2 Rf8 27.Bxd2 Bc6 28.Be3 Qe6 29.Qc1 Nd4+  0-1

[Event "4th YM"]
[Site "Lausanne SUI"]
[Date "2003.09.19"]
[Round "2.1"]
[White "McShane,L"]
[Black "Mamedyarov,S"]
[Result "1/2-1/2"]
[WhiteElo "2619"]
[BlackElo "2585"]

1.e4 e5 2.Nf3 Nc6 3.Bb5 Nf6 4.O-O Nxe4 5.d4 Nd6 6.Bxc6 dxc6 7.dxe5 Nf5 8.Qxd8+ Kxd8
9.Nc3 Ne7 10.h3 h6 11.b3 Ng6 12.Bb2 Ke8 13.Ne4 Bd7 14.Rfe1 c5 15.Rad1 Rd8
16.c4 Nf4 17.Bc1 Ne6 18.Nc3 Be7 19.Nd5 Bc6 20.Rd3 Bxd5 21.Rxd5 c6 22.Rxd8+ Kxd8
23.Rd1+ Kc7 24.Bb2 b5 25.Kf1 Rb8 26.Bc3 Kc8 27.g3 Rb6 28.Ra1 f5 29.Ke2 b4
30.Bb2 a5 31.a4 Rb7 32.Ne1 Rd7 33.Ng2 Bf8 34.Nh4 f4 35.Ng6 fxg3 36.fxg3 Rf7
37.Rd1 Kc7 38.h4 Be7 39.Rd3 Kc8 40.Nh8 Rf8 41.Ng6 Re8 42.Rf3 Bd6 43.Rf7 Bc7
44.Ne7+ Kb7 45.Nf5 Kb6 46.Nxg7 Nxg7 47.Rxg7 Bxe5 48.Bxe5 Rxe5+ 49.Kf2 Rf5+
50.Kg2 Re5 51.Rf7 h5 52.Kf2 Re8 53.Rf4 Rd8 54.Ke2 Re8+ 55.Kd3 Rg8 56.Rf3 Kc7  1/2-1/2

[Event "4th YM"]
[Site "Lausanne SUI"]
[Date "2003.09.20"]
[Round "2.2"]
[White "Mamedyarov,S"]
[Black "McShane,L"]
[Result "1/2-1/2"]
[WhiteElo "2585"]
[BlackElo "2619"]

1.d4 Nf6 2.c4 g6 3.g3 Bg7 4.Bg2 O-O 5.Nc3 d6 6.Nf3 Nc6 7.O-O Rb8 8.b3 a6
9.Nd5 e6 10.Nxf6+ Qxf6 11.Bg5 Qf5 12.Qd2 Nxd4 13.Nxd4 Bxd4 14.Qxd4 Qxg5 15.Qa7 Bd7
16.Bxb7 a5 17.Rfd1 Rfd8 18.Bg2 Qc5 19.Qxc5 dxc5 20.Rd3 Kf8 21.Re3 f6 22.f4 h6
23.h4 h5 24.Rd1 Kf7 25.f5 gxf5 26.Bf3 Be8 27.Bxh5+ Ke7 28.Rxd8 Rxd8 29.Bxe8 Rxe8
30.Rd3 Ra8 31.Kf2 a4 32.a3 e5 33.bxa4 Rxa4 34.Rc3 Ke6 35.Kf3 Ra8 36.Rb3 Ra4
37.Rc3 Ra8 38.Kf2 e4 39.h5 Rh8 40.a4 Rxh5 41.a5 Ke5 42.Ke3 Rh3 43.Kd2 Rh8
44.a6  1/2-1/2

[Event "4th YM"]
[Site "Lausanne SUI"]
[Date "2003.09.21"]
[Round "3.1"]
[White "Mamedyarov,S"]
[Black "Naiditsch,A"]
[Result "1-0"]
[WhiteElo "2585"]
[BlackElo "2574"]

1.Nf3 Nf6 2.c4 e6 3.Nc3 Bb4 4.g4 h6 5.Rg1 b6 6.Qc2 Bb7 7.a3 Bf8 8.d4 d6 9.e4 Nbd7
10.Be3 a6 11.O-O-O c5 12.d5 e5 13.h4 g6 14.g5 hxg5 15.hxg5 Nh5 16.Bh3 Bg7
17.Rh1 b5 18.cxb5 Nb6 19.bxa6 Bxa6 20.Bg4 Nc4 21.Bxh5 gxh5 22.Nh4 Qb6 23.Nf5 Kf8
24.Rdg1 Rb8 25.Nd1 Na5 26.g6 f6 27.Rh3 Bc4 28.Bd2 Nb3+ 29.Kb1 Qa6 30.Rc3 Nxd2+
31.Qxd2 Be2 32.Rh3 Bf1 33.Rc3 Be2 34.Nde3 Bg4 35.Qc2 Rb5 36.Rb3 Bxf5 37.Nxf5 Rb6
38.Rgg3 h4 39.Rxb6 Qxb6 40.Qa4  1-0

[Event "4th YM"]
[Site "Lausanne SUI"]
[Date "2003.09.22"]
[Round "3.2"]
[White "Naiditsch,A"]
[Black "Mamedyarov,S"]
[Result "0-1"]
[WhiteElo "2574"]
[BlackElo "2585"]

1.e4 e5 2.Nf3 Nc6 3.Bb5 a6 4.Bxc6 dxc6 5.O-O Qd6 6.Na3 Be6 7.Qe2 f6 8.c3 O-O-O
9.d4 Bg4 10.Rd1 Qe6 11.Nc2 Bd6 12.Ne3 h5 13.dxe5 Bxf3 14.Qxf3 Qxe5 15.Nf1 g5
16.a4 Ne7 17.b4 g4 18.Qe3 Bxb4 19.Rxd8+ Rxd8 20.Qa7 Qxc3 21.Rb1 Rd1 22.Bb2 Rxf1+
23.Rxf1 Qxb2 24.Qa8+ Kd7 25.Qxb7 a5 26.Rd1+ Ke6 27.Qxc7 Qe2 28.Qd7+ Kf7 29.e5 Qxe5
30.g3 Qe2  0-1

[Event "EuTCh"]
[Site "Plovdiv BUL"]
[Date "2003.10.13"]
[Round "3"]
[White "Mamedyarov,S"]
[Black "Kallio,H"]
[Result "1-0"]
[WhiteElo "2595"]
[BlackElo "2493"]

1.Nf3 Nf6 2.c4 b6 3.Nc3 c5 4.e3 Bb7 5.d4 cxd4 6.exd4 e6 7.a3 d5 8.cxd5 Nxd5
9.Ne5 Nxc3 10.bxc3 Bd6 11.Bb5+ Kf8 12.O-O a6 13.Be2 Nd7 14.Nc4 Be7 15.a4 Rc8
16.Bd2 g6 17.Bh6+ Kg8 18.Qd2 Nf6 19.Rab1 b5 20.axb5 axb5 21.Ne5 Ne4 22.Qf4 f6
23.Bg4 f5 24.Rxb5 Ba6 25.Rb3 Bxf1 26.Qxe4 Qd6 27.Qb7 Ba6 28.Qa7 fxg4 29.Rb6 Qa3
30.Rxa6 Qxc3 31.h4 g5 32.Kh2 Qc1 33.Bxg5 Qc7 34.Bxe7  1-0

[Event "EuTCh"]
[Site "Plovdiv BUL"]
[Date "2003.10.15"]
[Round "5"]
[White "Mamedyarov,S"]
[Black "Mikhalchishin,A"]
[Result "1/2-1/2"]
[WhiteElo "2595"]
[BlackElo "2522"]

1.d4 d5 2.c4 dxc4 3.Nf3 c5 4.d5 e6 5.Nc3 exd5 6.Qxd5 Qxd5 7.Nxd5 Bd6 8.Nd2 Nc6
9.Nxc4 Bb8 10.Be3 Be6 11.O-O-O Nge7 12.Nxe7 Nxe7 13.b3 b6 14.g3 Bc7 15.Bg2 Rd8
16.Bf4 Bxf4+ 17.gxf4 Bd5 18.Rhg1 O-O 19.e3 Bxg2 20.Rxg2 Rxd1+ 21.Kxd1 Rd8+
22.Kc2 f6  1/2-1/2

[Event "EuTCh"]
[Site "Plovdiv BUL"]
[Date "2003.10.20"]
[Round "9"]
[White "Mamedyarov,S"]
[Black "Dautov,R"]
[Result "1/2-1/2"]
[WhiteElo "2595"]
[BlackElo "2610"]

1.d4 d5 2.c4 c6 3.Nf3 Nf6 4.Nc3 a6 5.a4 e6 6.Bg5 Nbd7 7.e3 Qa5 8.Nd2 Bb4
9.Qc2 c5 10.Nb3 Qc7 11.dxc5 O-O 12.Bd3 dxc4 13.Bxc4 Bxc5 14.Bd3 Bd6 15.Rc1 b6
16.Qe2 Qb8 17.Nd2 Bb7 18.Nf3 Ng4 19.Bb1 Rc8 20.Rd1 Nf8 21.h3 Ne5 22.Nd2 Neg6
23.h4 h6 24.h5 Ne7 25.Bh4 Nf5 26.Bxf5 exf5 27.O-O b5 28.Nf3 Rc5 29.Rd2 b4
30.Na2 Bd5 31.Rfd1 Bxa2 32.Rxd6 Bb3 33.Rd8 Rc8 34.R1d4 Qb6 35.Qd2 a5 36.R4d6 Rxd8
37.Rxd8 Rxd8 38.Qxd8 Qxd8 39.Bxd8 Bxa4 40.Bxa5 b3 41.Nd4 g6 42.hxg6 fxg6
43.Bb4 Nd7 44.Kf1 Ne5 45.Ke2 Nc6  1/2-1/2

[Event "WYb18"]
[Site "Halkidiki GRE"]
[Date "2003.10.24"]
[Round "2"]
[White "Shytaj,L"]
[Black "Mamedyarov,S"]
[Result "0-1"]
[WhiteElo "2343"]
[BlackElo "2595"]

1.e4 Nf6 2.e5 Nd5 3.d4 d6 4.Nf3 Bg4 5.Be2 e6 6.Ng5 Bf5 7.f4 dxe5 8.fxe5 Be7
9.Nf3 c5 10.O-O Nc6 11.c3 O-O 12.Kh1 Rc8 13.a3 cxd4 14.Nxd4 Nxd4 15.cxd4 Bg5
16.Nc3 Nxc3 17.bxc3 Rxc3 18.Rxf5 exf5 19.Bb2 Re3 20.Bf3 Bf4 21.g3 Bxe5 22.dxe5 Qxd1+
23.Bxd1 Re1+ 24.Kg2 Rd8 25.Bf3 Rd2+ 26.Kh3 Rxa1 27.Bxa1 g5 28.g4 h5  0-1

[Event "WYb18"]
[Site "Halkidiki GRE"]
[Date "2003.10.28"]
[Round "6"]
[White "Alcazar Jimenez,V"]
[Black "Mamedyarov,S"]
[Result "0-1"]
[WhiteElo "2363"]
[BlackElo "2595"]

1.e4 e5 2.Nf3 Nc6 3.Bb5 Nf6 4.Nc3 Nd4 5.Bc4 Bc5 6.d3 d6 7.Nxd4 Bxd4 8.O-O c6
9.Qf3 b5 10.Bb3 a5 11.a4 h6 12.Nd1 b4 13.Be3 O-O 14.c3 Bg4 15.Qg3 bxc3 16.bxc3 Bxe3
17.Nxe3 Be2 18.Nf5 Nh5 19.Nxh6+ Kh7 20.Qe3 Bxf1 21.Nxf7 Qf6 22.Ng5+ Kg6 23.Ne6 Bxd3
24.Nxf8+ Rxf8 25.Qxd3 Qxf2+ 26.Kh1 Nf4 27.Qf1 Qb2 28.Rb1 Qxc3 29.g3 Ne6 30.Qd1 Ng5
31.Qxd6+ Rf6 32.Qd1 Rf2 33.Rc1 Nf3 34.Rc2 Qe3 35.Be6 Qe1+ 36.Qxe1 Rxc2 37.Bf5+ Kf6  0-1

[Event "WYb18"]
[Site "Halkidiki GRE"]
[Date "2003.10.29"]
[Round "7"]
[White "Mamedyarov,S"]
[Black "Shanava,K"]
[Result "1-0"]
[WhiteElo "2595"]
[BlackElo "2423"]

1.e4 c5 2.c3 Nf6 3.e5 Nd5 4.d4 cxd4 5.Qxd4 e6 6.Nf3 Nc6 7.Qe4 d6 8.Bb5 Bd7
9.c4 Nc7 10.exd6 Bxd6 11.O-O Nb4 12.Bxd7+ Qxd7 13.Nc3 Qc6 14.a3 Nba6 15.Qe2 O-O
16.b4 Qe8 17.Ne4 Be7 18.Bf4 Qc8 19.Bd6 Bxd6 20.Nxd6 Qb8 21.Qe4 b6 22.Rad1 Ne8
23.Nxe8 Qxe8 24.Ng5 f5 25.Qxe6+ Qxe6 26.Nxe6 Rf7 27.Rfe1 h6 28.Rd6 Re7 29.Kf1 Rae8
30.Re3 f4 31.Re2 Rc8 32.f3 Kf7 33.c5  1-0

[Event "WYb18"]
[Site "Halkidiki GRE"]
[Date "2003.11.01"]
[Round "10"]
[White "Gajewski,G"]
[Black "Mamedyarov,S"]
[Result "0-1"]
[WhiteElo "2462"]
[BlackElo "2595"]

1.e4 e5 2.Nf3 Nf6 3.Nxe5 d6 4.Nf3 Nxe4 5.d4 d5 6.Bd3 Bd6 7.O-O O-O 8.c4 c6
9.Qc2 Na6 10.a3 Bg4 11.Ne5 Bf5 12.Be3 Nac5 13.dxc5 Bxe5 14.Nd2 Nxd2 15.Qxd2 Bxd3
16.Qxd3 Qh4 17.f4 dxc4 18.Qc2 Bf6 19.Rf3 Qg4 20.Qxc4 Rfe8 21.Qb3 Qe6 22.Qxb7 Rab8
23.Qxa7 Rxb2 24.Raf1 Rb3 25.Bf2 Rxf3 26.gxf3 Qh3 27.Re1 Rf8 28.Qc7 Qxf3 29.Qd7 g6
30.Re8 Rxe8 31.Qxe8+ Kg7 32.Qe3 Qd5 33.Qg3 Bb2 34.Qe3 h5 35.h3 Kf6 36.Kh2 Qc4
37.Qf3 Qa4 38.Kg3 Qxa3 39.Bd4+ Kf5 40.Qxa3 Bxa3 41.Kf3 Bc1  0-1

[Event "Hotel Bali Stars"]
[Site "Benidorm ESP"]
[Date "2003.11.27"]
[Round "4"]
[White "Mamedyarov,S"]
[Black "Radjabov,T"]
[Result "1/2-1/2"]
[WhiteElo "2595"]
[BlackElo "2650"]

1.d4 Nf6 2.Bg5 e6 3.e3 c5 4.Nd2 Be7 5.Ngf3 b6 6.c3 Bb7 7.Bd3 cxd4 8.cxd4 Nd5
9.Bxe7 Qxe7 10.a3 Nc6 11.Qe2 d6 12.O-O O-O 13.Rac1 Rac8 14.Rc2 Rc7 15.Rfc1 Rfc8
16.Ba6 Na5 17.Rxc7 Rxc7 18.Rxc7 Qxc7 19.Bxb7 Nxb7 20.Qc4 Qxc4 21.Nxc4 b5
22.Ncd2 Nb6 23.Kf1 f6 24.Ke2 Kf7 25.Kd3 d5 26.b3  1/2-1/2

[Event "Hotel Bali Stars"]
[Site "Benidorm ESP"]
[Date "2003.11.28"]
[Round "7"]
[White "Vallejo Pons,F"]
[Black "Mamedyarov,S"]
[Result "1-0"]
[WhiteElo "2662"]
[BlackElo "2595"]

1.d4 Nf6 2.c4 g6 3.Nc3 d5 4.Bg5 Ne4 5.Bh4 Nxc3 6.bxc3 Bg7 7.e3 dxc4 8.Bxc4 c5
9.Nf3 O-O 10.O-O Nc6 11.Rb1 cxd4 12.cxd4 Na5 13.Bd3 Be6 14.Qa4 a6 15.Bxe7 Qxe7
16.Qxa5 Rac8 17.Rfc1 Qd7 18.Ng5 Rxc1+ 19.Rxc1 Rc8 20.Rxc8+ Qxc8 21.Nxe6 Qxe6
22.g3 Bf8 23.a4 Qa2 24.Qc7 Qa1+ 25.Bf1 b5 26.a5 Qa2 27.Qb6 Bb4 28.Qxa6 Be1
29.Qa8+ Kg7 30.Qf3 b4 31.a6 Bd2 32.Qd1 Bc3 33.d5 Kf8 34.d6 Ke8 35.Bb5+ Kd8
36.Qf3  1-0

[Event "Aeroflot Open"]
[Site "Moscow RUS"]
[Date "2004.02.17"]
[Round "1"]
[White "Mamedyarov,S"]
[Black "Zagrebelny,S"]
[Result "1-0"]
[WhiteElo "2646"]
[BlackElo "2521"]

1.e4 c5 2.Nf3 d6 3.d4 cxd4 4.Nxd4 Nf6 5.Nc3 a6 6.Be3 e5 7.Nb3 Be6 8.f3 Be7
9.Qd2 O-O 10.O-O-O Qc7 11.g4 Rc8 12.Kb1 d5 13.exd5 Nxd5 14.Nxd5 Bxd5 15.Qf2 Qc6
16.Na5 Bxa2+ 17.Kxa2 Qa4+ 18.Kb1 Qxa5 19.Bd3 Nc6 20.c3 Qa4 21.Bc2 Qb5 22.Bd3 Qa4
23.Qc2 Qxc2+ 24.Bxc2 Na5 25.Rd7 Re8 26.Rhd1 Nc4 27.Bf2 b5 28.Bb3 g6 29.Bxc4 bxc4
30.Bg3 Bf8 31.Rc7 e4 32.fxe4 Rxe4 33.Rdd7 Rxg4 34.Rxf7 h5 35.Ka2 Re8 36.Rf6 h4
37.Bf2 Rg2 38.Bd4 Rb8 39.Rf2 Bd6 40.Rxc4 g5  1-0

[Event "Aeroflot Open"]
[Site "Moscow RUS"]
[Date "2004.02.18"]
[Round "2"]
[White "Socko,B"]
[Black "Mamedyarov,S"]
[Result "1/2-1/2"]
[WhiteElo "2556"]
[BlackElo "2646"]

1.Nf3 c5 2.c4 Nf6 3.g3 g6 4.Bg2 Bg7 5.O-O O-O 6.Nc3 Nc6 7.d4 cxd4 8.Nxd4 d6
9.e3 Bd7 10.b3 Qa5 11.Bb2 Rfc8 12.Rc1 a6 13.a3 Rab8 14.b4 Qd8 15.Qb3  1/2-1/2

[Event "Aeroflot Open"]
[Site "Moscow RUS"]
[Date "2004.02.20"]
[Round "4"]
[White "Dvoirys,S"]
[Black "Mamedyarov,S"]
[Result "1/2-1/2"]
[WhiteElo "2594"]
[BlackElo "2646"]

1.e4 e5 2.Nf3 Nf6 3.Nxe5 d6 4.Nf3 Nxe4 5.c4 Nc6 6.d4 d5 7.c5 Bg4 8.Bb5 Qf6
9.Nc3 Bxf3 10.Qxf3 Qxd4 11.O-O O-O-O 12.Be3 Qf6 13.Qg4+ Qe6 14.Qxe6+ fxe6
15.Nxe4 dxe4 16.Bxc6 bxc6 17.Rac1 Rd5 18.Rc4 Be7 19.b4 Kd7 20.Rxe4 a5 21.bxa5 Ra8
22.Ra4 Bxc5 23.Bxc5 Rxc5 24.a6 Rb5 25.Rd1+ Ke7 26.g3 c5 27.Rd3 Ra7 28.Kg2 Rb6
29.Rda3 Kd6 30.Kf3 Kc6 31.Ra5 Rb5 32.Ke3 Rxa5 33.Rxa5 Kb6 34.Ra4 Rxa6 35.Rxa6+ Kxa6
36.Kd3 Kb5 37.Kc3 e5 38.f3 c4 39.h3 g6 40.h4 h6 41.a4+ Kc5 42.h5 gxh5 43.a5 Kb5
44.a6 Kxa6 45.Kxc4 Ka5 46.Kd5 Kb4 47.Kxe5 c5 48.f4 c4 49.f5 c3 50.f6 c2 51.f7 c1=Q
52.f8=Q+ Qc5+ 53.Qxc5+ Kxc5 54.Kf5 Kd5 55.Kg6 Ke4  1/2-1/2

[Event "Aeroflot Open"]
[Site "Moscow RUS"]
[Date "2004.02.22"]
[Round "6"]
[White "Mamedyarov,S"]
[Black "Asrian,K"]
[Result "1/2-1/2"]
[WhiteElo "2646"]
[BlackElo "2599"]

1.e4 c6 2.d4 d5 3.e5 Bf5 4.Nc3 h5 5.Bd3 Bxd3 6.Qxd3 e6 7.Be3 Nd7 8.f4 Nh6
9.Nf3 Be7 10.g3 Qa5 11.h3 Nf5 12.Bd2 Bb4 13.Ne2 Bxd2+ 14.Qxd2 Qa6 15.Kf2 c5
16.c3 f6 17.a4 g5 18.g4 Ne7 19.exf6 Nxf6 20.Nxg5 hxg4 21.hxg4 O-O-O 22.Ng3 e5
23.dxe5 Nxg4+ 24.Kf3 Nh6 25.Qe2 Qg6 26.Kg2 d4 27.c4 Nhf5 28.Qe4 Rxh1 29.Rxh1 d3
30.Nxf5 Nxf5 31.Rh7 Qc6 32.Qxc6+ bxc6 33.Ne4 d2 34.Nf2 d1=Q 35.Nxd1 Rxd1
36.Rxa7 Rd2+ 37.Kf3 Nd4+ 38.Kg4 Rg2+ 39.Kh5 Rxb2 40.Rf7 Kd8 41.a5 Ra2 42.Ra7 Kc8
43.a6 Ra1 44.Kg6 Rg1+ 45.Kh7 Rh1+ 46.Kg8 Kb8 47.Rb7+ Ka8 48.Rf7 Re1 49.Kf8 Ne6+
50.Ke7 Nxf4 51.Rxf4 Rxe5+ 52.Kd6 Re1 53.Kxc5 Ka7 54.Kxc6 Kxa6 55.Rd4 Rh1
56.Rd7 Rh6+ 57.Kc7 Rh8 58.Rd6+ Ka7 59.c5 Rh5 60.c6 Rh8 61.Rd7 Ka6 62.Rg7 Ka7
63.Rd7 Ka6 64.Rd8 Rh7+ 65.Kd6 Rh6+ 66.Kc5 Rh5+ 67.Rd5 Rh1 68.Rd2 Rh5+ 69.Kd6 Rh6+
70.Kc7 Rh7+ 71.Kb8  1/2-1/2

[Event "6th Open"]
[Site "Dubai UAE"]
[Date "2004.04.19"]
[Round "1"]
[White "Mamedyarov,S"]
[Black "Gurieli,N"]
[Result "1-0"]
[WhiteElo "2657"]
[BlackElo "2345"]

1.e4 e5 2.Nc3 Nc6 3.Bc4 Nf6 4.d3 Na5 5.Nge2 Nxc4 6.dxc4 Bc5 7.f3 d6 8.Qd3 Be6
9.b3 Nd7 10.Be3 O-O 11.g4 Qh4+ 12.Ng3 h5 13.O-O-O hxg4 14.fxg4 Bxg4 15.Rdg1 Bxe3+
16.Qxe3 Kh7 17.Kb2 g6 18.Nb5 Qh6 19.Qf2 f5 20.Nxc7 fxe4 21.Qe1 Bf3 22.Nxa8 Bxh1
23.Rxh1 Rxa8 24.Nxe4 Rf8 25.Nxd6 Qf4 26.Ne4 Kg7 27.Kb1 b6 28.h4 Nc5 29.Nxc5 bxc5
30.Qa5 Qe4 31.Re1 Qxh4 32.Qc7+ Rf7 33.Qxe5+ Qf6 34.Qxc5 g5 35.Rg1 Kg6 36.Qc8 Qf5
37.Qd8  1-0

[Event "6th Open"]
[Site "Dubai UAE"]
[Date "2004.04.20"]
[Round "2"]
[White "Dzhumaev,M"]
[Black "Mamedyarov,S"]
[Result "0-1"]
[WhiteElo "2512"]
[BlackElo "2657"]

1.e4 Nf6 2.e5 Nd5 3.Bc4 Nb6 4.Bb3 c5 5.d3 d5 6.exd6 e6 7.Qg4 h5 8.Qe2 Nc6
9.Nf3 Bxd6 10.Nc3 Bd7 11.Be3 Na5 12.Ne4 Qc7 13.Nxd6+ Qxd6 14.Ng5 Bc6 15.Bxe6 fxe6
16.Bd2 Bxg2 17.Rg1 Nc6 18.Rxg2 Nd4 19.Qe4 O-O-O 20.O-O-O Rd7 21.Bc3 Re8 22.Re1 Na4
23.Qg6 Ree7 24.Ne4 Qd5 25.b3 Nxc2 26.bxa4 Nxe1 27.Bxe1 Qxd3 28.Nc3 Qc4 29.Qxh5 Qf1  0-1

[Event "6th Open"]
[Site "Dubai UAE"]
[Date "2004.04.21"]
[Round "3"]
[White "Mamedyarov,S"]
[Black "Gagunashvili,M"]
[Result "1-0"]
[WhiteElo "2657"]
[BlackElo "2562"]

1.c4 e5 2.Nc3 Nf6 3.Nf3 Nc6 4.g3 Bb4 5.Bg2 Bxc3 6.bxc3 d6 7.O-O O-O 8.d3 h6
9.Rb1 Rb8 10.e4 Be6 11.h3 Nd7 12.Nh4 Ne7 13.Qe2 f5 14.exf5 Nxf5 15.Nf3 Qf6
16.Nd2 b6 17.Ne4 Qg6 18.Kh2 Rbe8 19.f4 exf4 20.Bxf4 Kh8 21.Rbe1 Nf6 22.Nxf6 Rxf6
23.g4 Nh4 24.Bc6 Ref8 25.Bg3 Rxf1 26.Rxf1 Rxf1 27.Qxf1 Qg5 28.Qe1  1-0

[Event "6th Open"]
[Site "Dubai UAE"]
[Date "2004.04.22"]
[Round "4"]
[White "Mariano,N"]
[Black "Mamedyarov,S"]
[Result "1/2-1/2"]
[WhiteElo "2416"]
[BlackElo "2657"]

1.e4 Nf6 2.e5 Nd5 3.d4 d6 4.c4 Nb6 5.exd6 exd6 6.Nc3 Be7 7.Bd3 Nc6 8.Nge2 O-O
9.h3 Nb4 10.O-O Nxd3 11.Qxd3 c6 12.d5 cxd5 13.Nxd5 Nxd5 14.cxd5 Bf6 15.Ng3 Re8
16.Rb1 Be5 17.Bd2 Bd7 18.Bc3 Bxc3 19.Qxc3 Re5 20.Rfe1 Rxd5 21.Rbd1 Rxd1 22.Rxd1 Be6
23.Qb4 Qc7 24.Rxd6 Bxa2 25.Qd4 Re8 26.Rd7 Qb8 27.Qc3 Rc8 28.Qf3 Be6 29.Rxb7 Qe5
30.Rxa7 Qxb2 31.Ra8  1/2-1/2

[Event "6th Open"]
[Site "Dubai UAE"]
[Date "2004.04.25"]
[Round "7"]
[White "Mamedyarov,S"]
[Black "Nisipeanu,LD"]
[Result "1/2-1/2"]
[WhiteElo "2657"]
[BlackElo "2692"]

1.d4 Nf6 2.Bg5 e6 3.Nd2 c5 4.e3 cxd4 5.exd4 Nc6 6.Ngf3 Be7 7.c3 O-O 8.Bd3 Nd5
9.Bxe7 Qxe7 10.O-O b6 11.Re1 Bb7 12.Be4 Nf6 13.d5 Nxe4 14.Nxe4 Nd8 15.Qd3 f6
16.c4 Nf7 17.Rac1 Rae8 18.Nc3 Qc5 19.a3 exd5 20.cxd5 Ne5 21.Nxe5 Rxe5 22.Rxe5 fxe5
23.Qd2 h6 24.Re1 Qd4 25.Qxd4 exd4 26.Nb5 d3 27.Nc3 d2 28.Re4  1/2-1/2